| 000 | 00596naa a22002057a 4500 | ||
|---|---|---|---|
| 001 | 22378 | ||
| 003 | KOHA_MİRAKIL | ||
| 005 | 20230714052952.0 | ||
| 008 | 230712b tu ||||| |||| 00| 0 tur d | ||
| 020 | _a0212111 | ||
| 040 |
_aTR-AnANB _btur _cTR-AnANB |
||
| 090 | _aArmağan-216 | ||
| 245 | 0 |
_aAnayasal Şikayet ve Adalete Erişim / _cMeral Sungurtekin Özkan. |
|
| 246 | _aProf.Dr.Hakan Pekcanıteze Armağan Cilt-1 | ||
| 250 | _a1.Basım | ||
| 260 |
_aİzmir: _bDokuz Eylül Üniversitesi Hukuk Fakültesi, _c2015. |
||
| 300 | _aSayfa 399-410 | ||
| 310 | _aGünlük | ||
| 942 |
_2ddc _cAR |
||
| 999 |
_c18507 _d18507 |
||